| 000 | 00994 a2200229 4500 | ||
|---|---|---|---|
| 005 | 20260325123123.0 | ||
| 008 | 260325b |||||||| |||| 00| 0 eng d | ||
| 020 | _a9788193875629 (pbk) | ||
| 037 | _cTB | ||
| 040 |
_aCRL _cCRL |
||
| 041 |
_2hin _ahin |
||
| 084 |
_aV2y7M69 152Q8 _qCRL |
||
| 245 |
_aगांधी जी: _bस्मृतिलेखों का आलोक |
||
| 260 |
_aदिल्ली, भारत: _bसस्ता साहित्य मण्डल प्रकाशन, _c2018. |
||
| 300 | _a243पृ. | ||
| 365 |
_b180.00 _cINR |
||
| 650 | _aभारत इतिहास | ||
| 650 |
_aमहात्मा गाँधी _91132600 |
||
| 700 |
_aपालीवाल, कृष्णदत्त _eसम्पादक |
||
| 942 |
_cTB _2CC _hV2y7M69 152Q8 |
||
| 999 |
_c1467350 _d1467350 |
||